00978nam a2200241 a 450000100060000000300090000600500170001500800410003203500190007304000260009204100080011808200300012610000300015624501340018626000610032030000330038150400500041465000380046465000420050294200120054499900170055695201630057359383BD-RjUL 20211209080725.0161224s1989 ii b 001 0 eng d a(BD-RjUL)59507 aBD-RjULbengcBD-RjUL aeng 223 a342.0954 bGUC 1989  aGupta, Manik lal 917661910aConstitutional development of India :b from the Regulating Act (1773) to the Indian Independence Act (1947) / cManik Lal Gupta  aNew Delhi :bAtlantic Publishers & Distributors,c1989.  axii, 186 p. :bill. ;c22 cm aIncludes bibliographical references and index aConstitutional LawzIndia9175057 aConstitutional HistoryzIndia9176218 2ddccBK c59383d59383 00102ddc40718NFICaRUCLbRUCLcReadingd1997-08-14eParagon Enterprise LTD. Dhakag150.00l0o342.0954 GUC 1989r2016-12-24 00:00:00tC-1w2021-12-09yBK